योग बिन्दु के परिप्रेक्ष्य में जैनयोग साधना का समीक्षात्मक अध्ययन (Record no. 378633)
[ view plain ]
| 000 -LEADER | |
|---|---|
| fixed length control field | 01007nam a2200253Ia 4500 |
| 003 - CONTROL NUMBER IDENTIFIER | |
| control field | OSt |
| 005 - DATE AND TIME OF LATEST TRANSACTION | |
| control field | 20220923225510.0 |
| 008 - FIXED-LENGTH DATA ELEMENTS--GENERAL INFORMATION | |
| fixed length control field | 220922b |||||||| |||| 00| 0 hin d |
| 037 ## - SOURCE OF ACQUISITION | |
| Terms of availability | Textual |
| 040 ## - CATALOGING SOURCE | |
| Original cataloging agency | ARTS |
| Transcribing agency | ARTS |
| Language of cataloging | hin |
| 041 ## - LANGUAGE CODE | |
| Source of code | hin |
| Language code of text/sound track or separate title | hin |
| 100 ## - MAIN ENTRY--PERSONAL NAME | |
| Personal name | सुव्रत मुनि |
| 245 #0 - TITLE STATEMENT | |
| Title | योग बिन्दु के परिप्रेक्ष्य में जैनयोग साधना का समीक्षात्मक अध्ययन |
| 246 ## - VARYING FORM OF TITLE | |
| Title proper/short title | Yog bindu ke pariprekṣhya mean jainayog sādhanā kā samīkṣhātmak adhyayana |
| 260 ## - PUBLICATION, DISTRIBUTION, ETC. | |
| Place of publication, distribution, etc. | भटिण्डा |
| Name of publisher, distributor, etc. | श्री आत्मज्ञान पीठ |
| Date of publication, distribution, etc. | 1991 |
| 300 ## - PHYSICAL DESCRIPTION | |
| Extent | 288पृ. |
| Dimensions | cm. |
| 650 ## - SUBJECT ADDED ENTRY--TOPICAL TERM | |
| Topical term or geographic name entry element | ज्ैन् ध्ज्ञमर्् |
| 942 ## - ADDED ENTRY ELEMENTS (KOHA) | |
| Classification part | Q31:41x3,12:g, 152N1 |
| Koha item type | Textual |
| Source of classification or shelving scheme | Colon Classification (CC) |
| Withdrawn status | Lost status | Damaged status | Not for loan | Home library | Current library | Date acquired | Total Checkouts | Full call number | Barcode | Date last seen | Price effective from | Koha item type |
|---|---|---|---|---|---|---|---|---|---|---|---|---|
| Arts Library | Arts Library | 2022-09-23 | Q31:41x3,12:g 152N1 | AL1061517 | 2022-09-23 | 2022-09-23 | Textual |
